Gaming Quiz

Random Gaming or Pokémon Quiz
Score 0/156 Timer 17:00
0 Plays Today
% Correct
Victini
72.1%
Lepardas
62.3%
Munna
62.3%
Archen
62.3%
Archeos
62.3%
Pokabu
60.7%
Musharna
60.7%
Darumakka
60.7%
Zoroark
60.7%
Zorua
59%
Emonga
59%
Zekrom
59%
Genesect
59%
Miruhog
57.4%
Herderrie
57.4%
Gigaiath
57.4%
Gothimu
57.4%
Gothimiru
57.4%
Gothiruselle
57.4%
Swanna
57.4%
Terrakion
57.4%
Virizion
57.4%
Kyurem
57.4%
Keldeo
57.4%
Tsutarja
55.7%
Zebraika
55.7%
Chillaccino
55.7%
Buffron
55.7%
Cobalon
55.7%
Reshiram
55.7%
Landlos
55.7%
Meloetta
55.7%
Enbuoh
54.1%
Hiyappu
54.1%
Hiyakkie
54.1%
Chandela
54.1%
Yanappu
52.5%
Mamepato
52.5%
Gigigiaru
52.5%
Lampler
52.5%
Tornelos
52.5%
Janovy
50.8%
Jalorda
50.8%
Mijumaru
50.8%
Yorterrie
50.8%
Yanakkie
50.8%
Baokkie
50.8%
Maracacchi
50.8%
Baivanilla
50.8%
Aiant
50.8%
Minezumi
49.2%
Baoppu
49.2%
% Correct
Hihidaruma
49.2%
Giaru
49.2%
Gigiaru
49.2%
Choroneko
47.5%
Tabunne
47.5%
Chillarmy
47.5%
Vanipeti
47.5%
Vanirich
47.5%
Voltolos
47.5%
Iwapalace
45.9%
Dentula
45.9%
Tunbear
45.9%
Agilder
45.9%
Gobit
45.9%
Goloog
45.9%
Vulgina
45.9%
Daikenki
44.3%
Mooland
44.3%
Ishizumai
44.3%
Zuruggu
44.3%
Zuruzukin
44.3%
Abagoura
44.3%
Kojondo
44.3%
Warrgle
44.3%
Sazandora
44.3%
Kokoromori
42.6%
Elfuun
42.6%
Bassrao
42.6%
Shikijika
42.6%
Shibirudon
42.6%
Maggyo
42.6%
Kojofu
42.6%
Crimgan
42.6%
Chaoboo
41%
Shimama
41%
Nageki
41%
Dageki
41%
Hahakomori
41%
Desukarn
41%
Protoga
41%
Tesseed
41%
Kibago
41%
Ulgamoth
41%
Kenhallow
39.3%
Churine
39.3%
Meguroco
39.3%
Desumasu
39.3%
Mebukijika
39.3%
Mamanbou
39.3%
Shibibeel
39.3%
Futachimaru
37.7%
Dangoro
37.7%
% Correct
Mogurew
37.7%
Waruvial
37.7%
Symboler
37.7%
Lanculus
37.7%
Ohbem
37.7%
Hitomoshi
37.7%
Onondo
37.7%
Ononokus
37.7%
Freegeo
37.7%
Merlava
37.7%
Hatoboh
36.1%
Gantle
36.1%
Koromori
36.1%
Wheega
36.1%
Monmen
36.1%
Tamagetake
36.1%
Bachuru
36.1%
Kirikizan
36.1%
Washibon
36.1%
Gamageroge
34.4%
Fushide
34.4%
Yabukuron
34.4%
Dustdas
34.4%
Burungel
34.4%
Shibibirasu
34.4%
Kuitaran
34.4%
Dihead
34.4%
Otamaro
32.8%
Gamagaru
32.8%
Waruvile
32.8%
Koaruhie
32.8%
Chevargo
32.8%
Monozu
32.8%
Doryuzu
31.1%
Roubushin
31.1%
Nutrey
31.1%
Komatana
31.1%
Pendror
29.5%
Doublan
29.5%
Pururill
29.5%
Chobomaki
29.5%
Valchai
29.5%
Uniran
27.9%
Kurumiru
26.2%
Morobareru
26.2%
Kurumayu
24.6%
Kaburumo
24.6%
Kumasyun
24.6%
Dokkorer
23%
Dotekkotsu
23%
Dredear
23%
Ligray
23%
Remove Ads.
Support Sporcle.
Get the best of Sporcle when you Go Orange. This ad-free experience offers more features, more stats, and more fun while also helping to support Sporcle. Thank you for becoming a member.

You're not logged in!

Compare scores with friends on all Sporcle quizzes.
OR
Log In

Show Comments

Extras

Top Quizzes Today


Score Distribution

Your Account Isn't Verified!

In order to create a playlist on Sporcle, you need to verify the email address you used during registration. Go to your Sporcle Settings to finish the process.

Report this User

Report this user for behavior that violates our Community Guidelines.

Details: